000 00623cam a22002293a 4500
001 13653
003 PGUSA
005 20140828083307.0
008 041006s2004||||xxu|||||s|||||000 1 eng d
040 _aPGUSA
_beng
042 _adc
050 4 _aPQ
100 1 _aSand, George,
_d1804-1876
245 1 0 _aElle et lui
_h[electronic resource] /
_cGeorge Sand
260 _bProject Gutenberg,
_c2004
506 _aPublic domain in the USA.
516 _aElectronic text
653 _aFrench fiction -- 19th century
830 0 _aProject Gutenberg
_v13653
856 4 0 _uhttp://www.gutenberg.org/ebooks/13653
942 _cEB
999 _c242908
_d242908